00465nam a2200121 4500082001900000100001800019245013100037260003700168700001700205700001600222700002300238856008200261 a631.56bDAY/EF aDayana Scaria aEffect of mulching and nutrient sources on the production of salad cucumber inside and outside naturally ventilated greenhouse aTavanurbDepartment of IDEc2007 aManoj K Unni aSoniya Baby aMathew E.K (Guide) uhttps://drive.google.com/file/d/0B8K9-c_S7d7WeGNKamVRWGJEcm8/edit?usp=sharing